Brawlers no skill - Statistiques

Statistiques générales
  • Ce quiz a été pris 1 023 fois
  • Le résultat moyen est 7 sur 15
Statistiques - réponses
Hint Réponse % Correct
No skill Edgar
98%
No skill Kit
73%
No skill bull
59%
No skill fang
50%
No skill buzz
47%
No skill el costo
46%
No skill mico
46%
No skill Spike
43%
No skill cordelius
36%
No skill meg
36%
No skill ambre
29%
No skill doug
29%
No skill darryl
28%
No skill Larry & lawrie
17%
No skill charlie
16%
Aucun quiz correspondant
Distribution des résultats
% des personnes avec chaque résultat
Percentile par nombre de réponses
Votre historique - résultats
Vous n’avez pas pris ce quiz